000 nam a22 a 4500
999 _c444116
_d444116
003 BLK
005 20220208134609.0
008 220208b bu |||||r|||| 00| | bu d
040 _aBLK
041 _aBUL
_cBUL
080 _aФутбол
_b796.332
_z796.332
139 _aФутбол
245 _aФутбол
_bПрограма за работата на спортните секции при физкултурните колективи
260 _9216430
_aСофия
_bФизкултура
_c1950
300 _a50 с.
_c17 см
380 _a79
650 7 _9176248
_aФутбол
653 7 _9199648
_aфутбол
653 7 _9194632
_aпрограми
852 _aЦб I 1134
_bО
942 _cKNG
_n0
_s1
944 _aCR
_c2022-02-08
_kХристина Везирева